RICS rural land market survey Great Britain (Record no. 109877)

MARC details
000 -LEADER
fixed length control field 01513cad a22002295a 4500
001 - CONTROL NUMBER
control field E148098
008 - FIXED-LENGTH DATA ELEMENTS--GENERAL INFORMATION
fixed length control field 090723e20090722xxkd f s 000 0 eng u
035 ## - SYSTEM CONTROL NUMBER
System control number (Sirsi) u148098
041 ## - LANGUAGE CODE
Language code of text/sound track or separate title eng
050 ## - LIBRARY OF CONGRESS CALL NUMBER
Classification number 630 $2 18
110 2# - MAIN ENTRY--CORPORATE NAME
Corporate name or jurisdiction name as entry element Royal Institution of Chartered Surveyors
Subordinate unit Economics
9 (RLIN) 5033
245 00 - TITLE STATEMENT
Title RICS rural land market survey Great Britain
Remainder of title H1 2009
Medium [electronic resource]
260 ## - PUBLICATION, DISTRIBUTION, ETC.
Place of publication, distribution, etc. London
Name of publisher, distributor, etc. RICS
Date of publication, distribution, etc. 2009
490 00 - SERIES STATEMENT
Series statement RICS Rural Land Market Survey Great Britain
Volume/sequential designation First Half 2009
520 ## - SUMMARY, ETC.
Summary, etc. Reports that demand for commercial farmland rebounded during H1 2009, while residential farmland demand continued to fall sharply. Arable land prices fell by 1% from £13 182 per hectare to £13 085 per hectare. Pasture land prices fell by 2% from £11 490 per hectare to £11 260 per hectare in H1 2009. The weighted average price of the two fell from £12 336 per hectare in H2 2008 to £12, 72 in H1 2009 (a 1% fall). The RICS transaction-based measure (which includes residential farmland) shows a larger fall in farmland prices. On this measure the weighted average price of farmland fell from £16 342 to £15 114 (a 7.5% fall).
590 ## - LOCAL NOTE (RLIN)
Local note KA
650 24 - SUBJECT ADDED ENTRY--TOPICAL TERM
Topical term or geographic name entry element RICS RURAL LAND MARKET SURVEY GREAT BRITAIN
651 #4 - SUBJECT ADDED ENTRY--GEOGRAPHIC NAME
Geographic name Great Britain
Chronological subdivision 1707-
690 ## - LOCAL SUBJECT ADDED ENTRY--TOPICAL TERM (OCLC, RLIN)
Topical term or geographic name as entry element PROPERTY-RURAL AND NATURAL ASSETS-RURAL AND NATURAL ASSET MARKET
856 40 - ELECTRONIC LOCATION AND ACCESS
Uniform Resource Identifier <a href="https://www.rics.org/profession-standards/knowledge-and-information-services/document-delivery-and-o">https://www.rics.org/profession-standards/knowledge-and-information-services/document-delivery-and-o</a>
Public note email [email protected] to request a copy
942 ## - ADDED ENTRY ELEMENTS (KOHA)
Suppress in OPAC 0
Holdings
Withdrawn status Lost status Source of classification or shelving scheme Damaged status Not for loan Home library Current library Shelving location Date acquired Total Checkouts Full call number Barcode Date last seen Copy number Price effective from Koha item type
    Dewey Decimal Classification     Virtual Virtual Online 23/07/2009   ONLINE PUBLICATION 148098-2001 06/08/2019 1 06/08/2019 Book